Loading...
| Fine Arts - Classical Music | 0 | 10 | 0 | 1 | 100 | 51 | 85.80 | 3 | 4 | 0.00 | 0.00 |
| Mythology | 0 | 7 | 1 | 1 | 65 | 75 | 94.43 | 0 | 0 | 0.00 | 0.00 |
| Fine Arts - Other | 0 | 6 | 1 | 1 | 55 | 25 | 87.00 | 2 | 3 | 0.00 | 0.00 |
| Literature - American | 0 | 5 | 0 | 0 | 50 | 35 | 87.20 | 0 | 2 | 0.00 | 0.00 |
| Literature - European | 0 | 4 | 0 | 0 | 40 | 77 | 98.25 | 0 | 1 | 0.00 | 0.00 |
| Science - Chemistry | 0 | 4 | 0 | 0 | 40 | 55 | 70.25 | 0 | 1 | 0.00 | 0.00 |
| Literature - World | 0 | 4 | 0 | 0 | 40 | 46 | 86.25 | 0 | 3 | 0.00 | 0.00 |
| Fine Arts - Painting and Sculpture | 0 | 4 | 2 | 0 | 30 | 60 | 80.00 | 3 | 3 | 0.00 | 0.00 |
| Philosophy | 0 | 3 | 1 | 2 | 25 | 80 | 105.67 | 0 | 0 | 0.00 | 0.00 |
| Social Science | 0 | 2 | 0 | 0 | 20 | 69 | 82.00 | 0 | 0 | 0.00 | 0.00 |
| Literature - British | 0 | 2 | 0 | 0 | 20 | 100 | 111.00 | 0 | 0 | 0.00 | 0.00 |
| Religion | 0 | 2 | 1 | 0 | 15 | 54 | 66.50 | 0 | 1 | 0.00 | 0.00 |
| Science - Biology | 0 | 1 | 0 | 0 | 10 | 86 | 86.00 | 0 | 0 | 0.00 | 0.00 |
| Popular Culture | 0 | 1 | 1 | 1 | 5 | 108 | 108.00 | 0 | 0 | 0.00 | 0.00 |
| History - Other | 0 | 0 | 0 | 0 | 0 | 0.00 | 0 | 0 | 0.00 | 0.00 | |
| History - American | 0 | 0 | 1 | 0 | -5 | 0.00 | 0 | 0 | 0.00 | 0.00 | |
| Science - Other | 0 | 0 | 1 | 0 | -5 | 0.00 | 0 | 0 | 0.00 | 0.00 | |
| Current Events | 0 | 0 | 1 | 0 | -5 | 0.00 | 0 | 0 | 0.00 | 0.00 |